| 000 | 01239nam a2200277Ia 4500 | ||
|---|---|---|---|
| 003 | OSt | ||
| 005 | 20210204123053.0 | ||
| 008 | 191128s2007 sp gr 000 0 spa d | ||
| 020 | _a9789806125483 | ||
| 040 |
_aCO-JMCR _cCO-JMCR |
||
| 041 | 0 | _aspa | |
| 082 | 0 | 4 |
_a323.042 / _bT216c _221 |
| 100 | 1 |
_aTatagiba, Luciana, _eautor _92739 |
|
| 245 | 1 | 0 |
_aContraloría y participación social en la gestión pública / _cLuciana Tatagiba, Ana Claudia Chaves Teixeira y Mariana Siqueira de Carvalho Oliveira [y otros] |
| 260 |
_aEspaña : _bCentro Latinoamericano de Administración para el Desarrollo, _c2007 |
||
| 300 |
_a316 páginas ; _c23 cm. |
||
| 490 | 0 | _aConcurso del CLAD | |
| 500 | _aIncluye notas pie de página. | ||
| 504 | _aBibliografía: página 316 | ||
| 505 | 0 | _aDemocracia representativa y participativa -- Hacia una construcción democrática de políticas públicas en salud -- Contraloría social en el programa oportunidades -- Participación ciudadana en las decisiones públicas | |
| 650 | 1 | 4 |
_aGestión pública _92740 |
| 650 | 1 | 4 |
_aParticipación política _92741 |
| 700 | 1 |
_aChaves Teixeira, Ana Claudia, _eautor _92742 |
|
| 700 | 1 |
_aCarvalho Oliveira, Mariana Siqueira de, _eautor _92743 |
|
| 942 |
_2ddc _cBK |
||
| 999 |
_c5167 _d5167 |
||